<?xml version="1.0" encoding="UTF-8"?>
<record
    xmlns:xsi="http://www.w3.org/2001/XMLSchema-instance"
    xsi:schemaLocation="http://www.loc.gov/MARC21/slim http://www.loc.gov/standards/marcxml/schema/MARC21slim.xsd"
    xmlns="http://www.loc.gov/MARC21/slim">

  <leader>01240    a2200169   4500</leader>
  <controlfield tag="003">Nust</controlfield>
  <controlfield tag="005">20221202151543.0</controlfield>
  <datafield tag="040" ind1=" " ind2=" ">
    <subfield code="c">Nust</subfield>
  </datafield>
  <datafield tag="082" ind1=" " ind2=" ">
    <subfield code="a">621.381528,JOY</subfield>
  </datafield>
  <datafield tag="100" ind1=" " ind2=" ">
    <subfield code="a">Joyce &amp; Clarke</subfield>
    <subfield code="9">104030</subfield>
  </datafield>
  <datafield tag="245" ind1=" " ind2=" ">
    <subfield code="a">Transistor Circuit Analysis /</subfield>
    <subfield code="c">Joyce &amp; Clarke</subfield>
  </datafield>
  <datafield tag="260" ind1=" " ind2=" ">
    <subfield code="a">USA</subfield>
    <subfield code="b">Addison Wesley</subfield>
    <subfield code="c">1969</subfield>
  </datafield>
  <datafield tag="300" ind1=" " ind2=" ">
    <subfield code="a">xiv , 461</subfield>
  </datafield>
  <datafield tag="505" ind1=" " ind2=" ">
    <subfield code="a">A Brief Survey Of Transistor Physics (Page-1), Transistors As Circuit Elements (Page-28), DC Biasing And Bias Stability (Page-66), Low Frequency Small Signal Transistor Amplifiers (Page-121), Power Amplifiers (Page-158), Regulated Power Supplies (Page-204), High Frequency And Noise Models For Transistors (Page-223), Broadband Low Pass Transistor Amplifiers (Page-247), Transistor Bandpass Amplifiers (Page-289),Transistors As Switches (Page-308), Collector To Base RC Coupled Astable And Monostable Multivibrators (Page-349), Transistor Emitter Coupled Monostable Multi Vibrators (Page-358), Bloacking Oscillators And Transformer Coupled Square Wave Oscillators (Page-376), Transistor Sweep Circuits (Page-387), Negative Resistance Devices In Switching Circuits (Page-398), Sine Wave Oscillators And Active Networks (Page-422).</subfield>
  </datafield>
  <datafield tag="650" ind1=" " ind2=" ">
    <subfield code="a">Telecommunication Engineering</subfield>
  </datafield>
  <datafield tag="942" ind1=" " ind2=" ">
    <subfield code="2">ddc</subfield>
    <subfield code="c">BK</subfield>
  </datafield>
  <datafield tag="999" ind1=" " ind2=" ">
    <subfield code="c">190619</subfield>
    <subfield code="d">190619</subfield>
  </datafield>
  <datafield tag="952" ind1=" " ind2=" ">
    <subfield code="0">0</subfield>
    <subfield code="1">0</subfield>
    <subfield code="2">ddc</subfield>
    <subfield code="4">0</subfield>
    <subfield code="7">0</subfield>
    <subfield code="a">MCS</subfield>
    <subfield code="b">MCS</subfield>
    <subfield code="c">GEN</subfield>
    <subfield code="d">2016-12-12</subfield>
    <subfield code="o">621.381528,JOY</subfield>
    <subfield code="p">MCS21277</subfield>
    <subfield code="r">2016-12-08</subfield>
    <subfield code="w">2016-12-12</subfield>
    <subfield code="y">BK</subfield>
    <subfield code="z">Almirah No.34, Shelf No.1</subfield>
  </datafield>
</record>
